000 00431nam a2200169Ia 4500
003 GCL
008 140319s9999 xx 000 0 eng d
040 _aGCL /
_cGCL
082 0 4 _a539.7
_bP N
100 1 _aPATEL,S.B.
245 1 0 _aNUCLEAR PHYSICS : AN INTRODUCTION /
_cPATEL,S.B.
260 _a[S.N] :
_bWILEY EASTERN LIMITED ،
_c1992
300 _a346 P
650 0 4 _aNUCLEAR PHYSICS
650 0 4 _aPHYSICS
942 _2ddc
_cBK
999 _c20277
_d20277